Supply chain management (Record no. 5214)

MARC details
000 -CABECERA
campo de control de longitud fija 01725nam a22002897a 4500
003 - IDENTIFICADOR DEL NÚMERO DE CONTROL
campo de control OSt
005 - FECHA Y HORA DE LA ÚLTIMA TRANSACCIÓN
campo de control 20260515113042.0
008 - DATOS DE LONGITUD FIJA--INFORMACIÓN GENERAL
campo de control de longitud fija 260121b |||||||| |||| 00| 0 eng d
022 ## - NÚMERO INTERNACIONAL NORMALIZADO PARA PUBLICACIONES SERIADAS
Número Internacional Normalizado para Publicaciones Seriadas 1478-4092
022 ## - NÚMERO INTERNACIONAL NORMALIZADO PARA PUBLICACIONES SERIADAS
Número Internacional Normalizado para Publicaciones Seriadas 1873-6505
040 ## - FUENTE DE LA CATALOGACIÓN
Centro catalogador/agencia de origen TBS
Lengua de catalogación EN
Centro/agencia transcriptor TBS
041 ## - CÓDIGO DE LENGUA
Código de lengua del texto/banda sonora o título independiente eng
100 ## - ENTRADA PRINCIPAL--NOMBRE DE PERSONA
Nombre de persona Andersen, Poul Houman
9 (RLIN) 27088
Término indicativo de función/relación author
245 ## - MENCIÓN DE TÍTULO
Título Supply chain management
Resto del título : new organizational practices for changing procurement realities
Mención de responsabilidad, etc. / Poul Houman Andersen, Morten Rask.
260 ## - PUBLICACIÓN, DISTRIBUCIÓN, ETC.
Nombre del editor, distribuidor, etc. Journal of Purchasing & Supply Management,
Fecha de publicación, distribución, etc. 2003
300 ## - DESCRIPCIÓN FÍSICA
Extensión 83-95 pages.
362 ## - FECHAS DE PUBLICACIÓN Y/O DESIGNACIÓN SECUENCIAL
Fecha de publicación y/o designación secuencial Journal of purchasing and supply management, 2003, Vol.9 (2), p.83-95
520 ## - SUMARIO, ETC.
Sumario, etc. How does the implementation of SCM strategies affect the organisation of procurement? Based on case study material of 15 Danish companies, this article develops a set of statements concerning the organisational role and job assignments of procurement in the light of SCM practice. For this purpose, we use an analytical technique known as the degree-of-freedom analysis. It is suggested that new organisational practices, such as key supply management, team-based management and changing skill requirements of purchasing personnel, may be an outcome of implementing SCM practices towards suppliers. Implications for theory and practice.
630 #0 - PUNTO DE ACCESO ADICIONAL DE MATERIA--TÍTULO UNIFORME
Título uniforme MSc International Business
9 (RLIN) 26977
650 #0 - PUNTO DE ACCESO ADICIONAL DE MATERIA--TÉRMINO DE MATERIA
Término de materia o nombre geográfico como elemento de entrada Delivery of goods
Subdivisión general Management
9 (RLIN) 3948
650 #0 - PUNTO DE ACCESO ADICIONAL DE MATERIA--TÉRMINO DE MATERIA
Término de materia o nombre geográfico como elemento de entrada Physical distribution of goods
Subdivisión general Management
9 (RLIN) 1965
650 #0 - PUNTO DE ACCESO ADICIONAL DE MATERIA--TÉRMINO DE MATERIA
Término de materia o nombre geográfico como elemento de entrada Industrial procurement
9 (RLIN) 2625
650 #0 - PUNTO DE ACCESO ADICIONAL DE MATERIA--TÉRMINO DE MATERIA
Término de materia o nombre geográfico como elemento de entrada Business logistics
9 (RLIN) 2448
700 ## - ENTRADA AGREGADA--NOMBRE PERSONAL
Nombre de persona Rask, Morten
9 (RLIN) 27089
Término indicativo de función/relación author
856 ## - LOCALIZACIÓN Y ACCESO ELECTRÓNICOS
Identificador Uniforme del Recurso <a href="https://research-ebsco-com.hub.tbs-education.fr/linkprocessor/plink?id=a15aef9f-6b2b-3a78-8b0f-19d671ce2677">https://research-ebsco-com.hub.tbs-education.fr/linkprocessor/plink?id=a15aef9f-6b2b-3a78-8b0f-19d671ce2677</a>
942 ## - ELEMENTOS DE ENTRADA AGREGADA (KOHA)
Fuente del sistema de clasificación o colocación Clasificación de Library of Congress
Holdings
Estado de retiro Estado de pérdida Fuente del sistema de clasificación o colocación Estado dañado No para préstamo Código de colección Biblioteca de origen Biblioteca actual Fecha de adquisición Total de préstamos Código de barras Fecha visto por última vez Identificador Uniforme del Recurso Precio válido a partir de Tipo de ítem Koha
    Clasificación de Library of Congress     Core Textbooks TBS Barcelona TBS Barcelona 15/05/2026   5214 15/05/2026 https://research-ebsco-com.hub.tbs-education.fr/linkprocessor/plink?id=a15aef9f-6b2b-3a78-8b0f-19d671ce2677 15/05/2026 Academic Article

Powered by Koha